Die Top 10 der beliebtesten Schnittblumen der Deutschen - Statistiken

Allgemein
  • Dieses Quiz wurde 176 mal gespielt
  • Das Durchschnittsergebnis liegt bei 5 aus 10
Antwortstatistiken
Marktanteil Schnittblumen % Korrekt
ca. 37 % Rose
100%
ca. 11 % Tulpe
97%
ca. 3 % Nelke
74%
ca. 7 % Gerbera
49%
ca. 5 % Lilie
47%
ca. 3 % Sonnenblume
45%
ca. 3 % Orchidee
30%
ca. 8 % Chrysantheme
20%
ca. 3 % Amaryllis
6%
ca. 2 % Anthurie
1%
Keine übereinstimmenden Quizze gefunden
Verteilung der Resultate
Anzahl Personen mit jedem Resultat
Perzentil nach korrekt beantworteten Fragen
Ihre Resultats-Entwicklung
Sie haben dieses Quiz noch nicht gespielt